000 00897nam a22002657a 4500
001 7283
003 FISKH
005 20250708093200.0
008 250708b cb ||||| |||| 00| 0 eng d
040 _aFISKH
_beng
_cFISKH
_dFISKH
050 _aPZ7.L6634 L
082 _a813.54
100 _aLionni, Leo
245 _aLittle blue and little yellow :
_bA story for Pippo and Ann and other children by Leo Lionni
_cLeo Lionni
250 _aFirst Scholastic printing, December 1993
260 _aNew York :
_bScholastic,
_c1959
300 _a40 unnumbered pages :
_bcolor illustrations ;
_c21 cm
505 _aJ
520 _aA little blue spot and a little yellow spot are best friends, and when they hug each other they become green.
521 8 _a440
_bLexile
521 8 _aJ
_bRaz-Plus
650 _aColor Mixing
_vFriendship
_xPicture Book
942 _2ddc
_cBK
_n0
999 _c7283
_d7283